|
|
|
|
| LEADER |
01515nam a22004098i 4500 |
| 001 |
36437 |
| 003 |
BD-DhAAL |
| 005 |
20211129104520.0 |
| 008 |
191022t2017 xx 000 0 eng d |
| 999 |
|
|
|c 41612
|d 41612
|
| 010 |
|
|
|a 2017010959
|
| 020 |
|
|
|a 9781259863004 (hardback)
|
| 020 |
|
|
|a 125986300X
|
| 020 |
|
|
|a 9781259863011 (e-ISBN)
|
| 020 |
|
|
|a 1259863018 (e-MHID)
|
| 040 |
|
|
|a DLC
|b eng
|e rda
|c DLC
|d BD-DhAAL
|
| 042 |
|
|
|a pcc
|
| 050 |
0 |
0 |
|a HG4521
|b .R6657 2017
|
| 082 |
0 |
0 |
|a 332.45
|2 23
|
| 084 |
|
|
|a BUS036000
|2 bisacsh
|
| 100 |
1 |
|
|a Robson, Ben
|c (Financial analyst)
|9 36402
|
| 245 |
1 |
0 |
|a Currency kings :
|b how billionaire traders made their fortune trading forex and how you can too /
|c Ben Robson.
|
| 250 |
|
|
|a First edition.
|
| 260 |
|
|
|a New York :
|b McGraw-Hill Education,
|c c2017.
|
| 263 |
|
|
|a 1704
|
| 300 |
|
|
|a xiv, 304 pages :
|b illustrations ;
|c 24 cm
|
| 504 |
|
|
|a Includes bibliographical references (pages 293-295) and index.
|
| 526 |
|
|
|a BBS
|
| 541 |
|
|
|a Karim International
|e 36437
|
| 650 |
|
0 |
|a Investments.
|9 36403
|
| 650 |
|
0 |
|a Futures.
|9 36404
|
| 650 |
|
0 |
|a Securities.
|9 36405
|
| 650 |
|
7 |
|a BUSINESS & ECONOMICS / Investments & Securities.
|2 bisacsh
|9 36406
|
| 650 |
|
7 |
|a Business & finance
|9 43288
|
| 852 |
|
|
|a Ayesha Abed Library
|c General Stacks
|
| 942 |
|
|
|2 ddc
|c BK
|
| 952 |
|
|
|0 0
|1 0
|2 ddc
|4 0
|6 332_450000000000000_ROB
|7 0
|9 66801
|a BRACUL
|b BRACUL
|c GEN
|d 2019-10-17
|e Karim International
|g 2900.00
|l 4
|m 49
|o 332.45 ROB
|p 3010036437
|r 2026-02-01
|s 2025-10-15
|t 1
|v 2900.00
|w 2019-10-17
|y BK
|